Religion Quiz

Random Religion Quiz

Green grow the rushes, Ho! Quiz Stats

 Plays Quiz not verified by Sporcle

Challenge
Share
Tweet
Embed
Score 0/14 Timer 05:00
0 Plays Today
Start of lyric Answer % Correct
Twelve for the twelveapostles
77.8%
One is one andall alone
55.6%
Ten for the tencommandments
44.4%
Clothed all ingreen ho
44.4%
And evermoreshall be so
44.4%
Eleven for the elevenwho went to heaven
33.3%
Seven for the sevenstars in the sky
33.3%
Start of lyric Answer % Correct
Two, two,the lily-white boys
33.3%
Nine for the ninebright shiners
22.2%
Six for the sixproud walkers
22.2%
Five for thesymbols at your door
22.2%
Four for theGospel makers
22.2%
Three, threethe rivals
22.2%
Eight for theApril Rainers
11.1%

You're not logged in!

Compare scores with friends on all Sporcle quizzes.
Join for Free
OR
Log In

You Might Also Like...

Show Comments

Extras

Created May 25, 2016ReportNominate
Tags:green, grow, rushed, start

Top Quizzes Today


Score Distribution

Your Account Isn't Verified!

In order to create a playlist on Sporcle, you need to verify the email address you used during registration. Go to your Sporcle Settings to finish the process.

Report this User

Report this user for behavior that violates our Community Guidelines.

Details: